<?xml version="1.0" encoding="UTF-8"?>
<record
    xmlns:xsi="http://www.w3.org/2001/XMLSchema-instance"
    xsi:schemaLocation="http://www.loc.gov/MARC21/slim http://www.loc.gov/standards/marcxml/schema/MARC21slim.xsd"
    xmlns="http://www.loc.gov/MARC21/slim">

  <leader>01807nam1a2200313 i 4500</leader>
  <controlfield tag="001">RU\NLR\bibl\338647</controlfield>
  <controlfield tag="005">20260407064148.0</controlfield>
  <datafield tag="035" ind1=" " ind2=" ">
    <subfield code="a">(NLR Aleph) 000333535</subfield>
  </datafield>
  <datafield tag="090" ind1=" " ind2=" ">
    <subfield code="a">171920</subfield>
    <subfield code="c">171920</subfield>
  </datafield>
  <datafield tag="100" ind1=" " ind2=" ">
    <subfield code="a">20021123g20029999k  y0rusy50      ca</subfield>
  </datafield>
  <datafield tag="101" ind1="0" ind2=" ">
    <subfield code="a">rus</subfield>
  </datafield>
  <datafield tag="102" ind1=" " ind2=" ">
    <subfield code="a">RU</subfield>
  </datafield>
  <datafield tag="105" ind1=" " ind2=" ">
    <subfield code="a">a   |||||||||</subfield>
  </datafield>
  <datafield tag="200" ind1="1" ind2=" ">
    <subfield code="a">&#x41A;&#x430;&#x442;&#x430;&#x441;&#x442;&#x440;&#x43E;&#x444;&#x438;&#x447;&#x435;&#x441;&#x43A;&#x438;&#x435; &#x43F;&#x440;&#x43E;&#x446;&#x435;&#x441;&#x441;&#x44B; &#x438; &#x438;&#x445; &#x432;&#x43B;&#x438;&#x44F;&#x43D;&#x438;&#x435; &#x43D;&#x430; &#x43F;&#x440;&#x438;&#x440;&#x43E;&#x434;&#x43D;&#x443;&#x44E; &#x441;&#x440;&#x435;&#x434;&#x443;</subfield>
    <subfield code="f">[&#x410;&#x432;&#x441;&#x44E;&#x43A; &#x42E;.&#x41D;., &#x421;&#x43E;&#x431;&#x438;&#x441;&#x435;&#x432;&#x438;&#x447; &#x41B;.&#x415;., &#x421;&#x43E;&#x431;&#x438;&#x441;&#x435;&#x432;&#x438;&#x447; &#x410;.&#x41B;. &#x438; &#x434;&#x440;.]</subfield>
    <subfield code="g">&#x41F;&#x43E;&#x434; &#x440;&#x435;&#x434;. &#x430;&#x43A;&#x430;&#x434;. &#x41B;&#x430;&#x432;&#x435;&#x440;&#x43E;&#x432;&#x430; &#x41D;.&#x41F;.</subfield>
    <subfield code="g">&#x41C;-&#x432;&#x43E; &#x43F;&#x440;&#x43E;&#x43C;-&#x441;&#x442;&#x438;, &#x43D;&#x430;&#x443;&#x43A;&#x438; &#x438; &#x442;&#x435;&#x445;&#x43D;&#x43E;&#x43B;&#x43E;&#x433;&#x438;&#x439; &#x420;&#x43E;&#x441;. &#x424;&#x435;&#x434;&#x435;&#x440;&#x430;&#x446;&#x438;&#x438;, &#x424;&#x435;&#x434;&#x435;&#x440;. &#x446;&#x435;&#x43B;&#x435;&#x432;&#x430;&#x44F; &#x43D;&#x430;&#x443;&#x447;.-&#x442;&#x435;&#x445;&#x43D;. &#x43F;&#x440;&#x43E;&#x433;&#x440;. "&#x418;&#x441;&#x441;&#x43B;&#x435;&#x434;. &#x438; &#x440;&#x430;&#x437;&#x440;&#x430;&#x431;. &#x43F;&#x43E; &#x43F;&#x440;&#x438;&#x43E;&#x440;&#x438;&#x442;&#x435;&#x442;. &#x43D;&#x430;&#x43F;&#x440;&#x430;&#x432;&#x43B;&#x435;&#x43D;&#x438;&#x44F;&#x43C; &#x440;&#x430;&#x437;&#x432;&#x438;&#x442;&#x438;&#x44F; &#x43D;&#x430;&#x443;&#x43A;&#x438; &#x438; &#x442;&#x435;&#x445;&#x43D;&#x438;&#x43A;&#x438; &#x433;&#x440;&#x430;&#x436;&#x434;. &#x43D;&#x430;&#x437;&#x43D;&#x430;&#x447;&#x435;&#x43D;&#x438;&#x44F;" &#x43F;&#x43E;&#x434;&#x43F;&#x440;&#x43E;&#x433;&#x440;. "&#x413;&#x43B;&#x43E;&#x431;&#x430;&#x43B;. &#x438;&#x437;&#x43C;. &#x43F;&#x440;&#x438;&#x440;&#x43E;&#x434;. &#x441;&#x440;&#x435;&#x434;&#x44B; &#x438; &#x43A;&#x43B;&#x438;&#x43C;&#x430;&#x442;&#x430;"</subfield>
  </datafield>
  <datafield tag="210" ind1=" " ind2=" ">
    <subfield code="a">&#x41C;.</subfield>
    <subfield code="c">&#x420;&#x435;&#x433;&#x438;&#x43E;&#x43D;. &#x43E;&#x431;&#x449;&#x435;&#x441;&#x442;&#x432;. &#x43E;&#x440;&#x433;. &#x443;&#x447;&#x435;&#x43D;&#x44B;&#x445; &#x43F;&#x43E; &#x43F;&#x440;&#x43E;&#x431;&#x43B;. &#x43F;&#x440;&#x438;&#x43A;&#x43B;. &#x433;&#x435;&#x43E;&#x444;&#x438;&#x437;&#x438;&#x43A;&#x438;</subfield>
    <subfield code="d">2002</subfield>
  </datafield>
  <datafield tag="215" ind1=" " ind2=" ">
    <subfield code="d">29</subfield>
  </datafield>
  <datafield tag="463" ind1=" " ind2="0">
    <subfield code="1">001317556</subfield>
  </datafield>
  <datafield tag="463" ind1=" " ind2="0">
    <subfield code="1">001338781</subfield>
  </datafield>
  <datafield tag="606" ind1=" " ind2=" ">
    <subfield code="a">&#x421;&#x442;&#x438;&#x445;&#x438;&#x439;&#x43D;&#x44B;&#x435; &#x431;&#x435;&#x434;&#x441;&#x442;&#x432;&#x438;&#x44F;</subfield>
    <subfield code="9">1113549</subfield>
    <subfield code="3">RU\NLR\auth\66120484</subfield>
  </datafield>
  <datafield tag="686" ind1=" " ind2=" ">
    <subfield code="a">&#x414;205</subfield>
  </datafield>
  <datafield tag="701" ind1=" " ind2="1">
    <subfield code="a">&#x410;&#x432;&#x441;&#x44E;&#x43A;</subfield>
    <subfield code="b">&#x42E;. &#x41D;.</subfield>
    <subfield code="4">070</subfield>
  </datafield>
  <datafield tag="701" ind1=" " ind2="1">
    <subfield code="a">&#x421;&#x43E;&#x431;&#x438;&#x441;&#x435;&#x432;&#x438;&#x447;</subfield>
    <subfield code="b">&#x41B;. &#x415;.</subfield>
    <subfield code="4">070</subfield>
  </datafield>
  <datafield tag="701" ind1=" " ind2="1">
    <subfield code="a">&#x421;&#x43E;&#x431;&#x438;&#x441;&#x435;&#x432;&#x438;&#x447;</subfield>
    <subfield code="b">&#x410;. &#x41B;.</subfield>
    <subfield code="4">070</subfield>
  </datafield>
  <datafield tag="702" ind1=" " ind2="1">
    <subfield code="4">340</subfield>
    <subfield code="8">rus</subfield>
    <subfield code="7">ca</subfield>
    <subfield code="a">&#x41B;&#x430;&#x432;&#x435;&#x440;&#x43E;&#x432;</subfield>
    <subfield code="b">&#x41D;. &#x41F;.</subfield>
    <subfield code="f">1930-</subfield>
    <subfield code="g">&#x41D;&#x438;&#x43A;&#x43E;&#x43B;&#x430;&#x439; &#x41F;&#x430;&#x432;&#x43B;&#x43E;&#x432;&#x438;&#x447;</subfield>
    <subfield code="3">RU\NLR\auth\7719990</subfield>
    <subfield code="9">3058</subfield>
  </datafield>
  <datafield tag="712" ind1="0" ind2="1">
    <subfield code="4">570</subfield>
    <subfield code="a">&#x420;&#x43E;&#x441;&#x441;&#x438;&#x439;&#x441;&#x43A;&#x430;&#x44F; &#x424;&#x435;&#x434;&#x435;&#x440;&#x430;&#x446;&#x438;&#x44F;</subfield>
    <subfield code="b">&#x41C;&#x438;&#x43D;&#x438;&#x441;&#x442;&#x435;&#x440;&#x441;&#x442;&#x432;&#x43E; &#x43F;&#x440;&#x43E;&#x43C;&#x44B;&#x448;&#x43B;&#x435;&#x43D;&#x43D;&#x43E;&#x441;&#x442;&#x438;, &#x43D;&#x430;&#x443;&#x43A;&#x438; &#x438; &#x442;&#x435;&#x445;&#x43D;&#x43E;&#x43B;&#x43E;&#x433;&#x438;&#x439;</subfield>
    <subfield code="3">RU\NLR\AUTH\8810031534</subfield>
    <subfield code="9">561681</subfield>
  </datafield>
  <datafield tag="801" ind1=" " ind2="0">
    <subfield code="a">RU</subfield>
    <subfield code="b">NLR</subfield>
    <subfield code="c">20021123</subfield>
    <subfield code="g">PSBO</subfield>
  </datafield>
  <datafield tag="801" ind1=" " ind2="1">
    <subfield code="a">RU</subfield>
    <subfield code="b">NLR</subfield>
    <subfield code="c">20021123</subfield>
  </datafield>
  <datafield tag="852" ind1=" " ind2=" ">
    <subfield code="a">NLR</subfield>
    <subfield code="j">2002-8/3031</subfield>
  </datafield>
  <datafield tag="942" ind1=" " ind2=" ">
    <subfield code="c">BOOK</subfield>
  </datafield>
</record>
